Perspektívy zahraničnoobchodnej spolupráce Slovenska s Azerbajdžanom bakalárska práca

Salvato in:
Dettagli Bibliografici
Autore principale: Bencel, Andrej
Ente Autore: Obchodná fakulta EU. Katedra medzinárodného obchodu
Altri autori: Kašťáková, Elena, 1974-
Natura: Libro
Lingua:slovacco
Pubblicazione: Bratislava 2015
Tags: Aggiungi Tag
Nessun Tag, puoi essere il primo ad aggiungerne!!

MARC

LEADER 00000nbm a2200000 4500
001 0203134
005 20170315090448.1
041 0 |a slo 
044 |a SK 
245 1 0 |a Perspektívy zahraničnoobchodnej spolupráce Slovenska s Azerbajdžanom  |b bakalárska práca  |c Andrej Bencel ; školiteľ: Elena Kašťáková 
264 1 |a Bratislava  |c 2015 
300 |a 84 s. 
100 1 |a Bencel, Andrej 
700 1 |a Kašťáková, Elena, 1974- 
710 2 |a Obchodná fakulta EU. Katedra medzinárodného obchodu